Hauptstädte Nordamerikas - Statistiken

Allgemein
  • Dieses Quiz wurde 1.551 mal gespielt
  • Das Durchschnittsergebnis liegt bei 15 aus 23
Antwortstatistiken
Land Hauptstadt % Korrekt
Vereinigte Staaten Washington D.C.
98%
Mexiko Mexiko-Stadt
95%
Kanada Ottawa
90%
Panama Panama-Stadt
88%
Kuba Havanna
84%
Guatemala Guatemala- Stadt
82%
Jamaika Kingston
81%
St. Vincent und die Grenadinen Kingstown
81%
El Salvador San Salvador
79%
Bahamas Nassau
67%
Haiti Port-au-Prince
66%
Costa Rica San José
66%
Trinidad und Tobago Port-of-Spain
60%
Dominikanische Republik Santo Domingo
60%
Nicaragua Managua
59%
Belize Belmopan
54%
Barbados Bridgetown
51%
Antigua und Barbuda Saint John's
50%
Honduras Tegucigalpa
49%
Grenada Saint George's
47%
Dominica Roseau
42%
St. Kitts und Nevis Basseterre
39%
St. Lucia Castries
36%
Keine übereinstimmenden Quizze gefunden
Verteilung der Resultate
Anzahl Personen mit jedem Resultat
Perzentil nach korrekt beantworteten Fragen
Ihre Resultats-Entwicklung
Sie haben dieses Quiz noch nicht gespielt